Les 107 Pokémon de la Quatrième Génération - Statistiques

Statistiques générales
  • Ce quiz a été pris 124 fois
  • Le résultat moyen est 75 sur 107
Statistiques - réponses
# Nom % Correct
393 Tiplouf
100%
483 Dialga
98%
390 Ouisticram
98%
484 Palkia
98%
394 Prinplouf
98%
389 Torterra
98%
398 Etouraptor
96%
396 Etourmi
96%
397 Etourvol
96%
487 Giratina
96%
391 Chimpenfeu
93%
395 Pingoléon
93%
392 Simiabraz
93%
387 Tortipouss
93%
388 Boskara
89%
480 Créhelf
87%
488 Cresselia
87%
491 Darkrai
87%
445 Carchacrok
85%
400 Castorno
85%
482 Créfadet
85%
481 Créfollet
85%
399 Keunotor
85%
403 Lixy
85%
404 Luxio
85%
405 Luxray
85%
407 Roserade
85%
492 Shaymin
85%
471 Givrali
83%
470 Phyllali
83%
493 Arceus
80%
444 Carmache
80%
410 Dinoclier
80%
408 Kranidos
78%
406 Rozbouton
78%
411 Bastiodon
76%
443 Griknot
76%
485 Heatran
76%
448 Lucario
76%
460 Blizzaroi
74%
459 Blizzi
74%
409 Charkos
74%
413 Cheniselle
74%
467 Maganon
74%
417 Pachirisu
74%
412 Cheniti
72%
447 Riolu
72%
401 Crikzik
70%
466 Elekable
70%
429 Magirêve
70%
402 Mélokrik
70%
478 Momartik
70%
418 Mustébouée
70%
419 Mustéflott
70%
430 Corboss
67%
479 Motisma
67%
416 Apireine
65%
415 Apitrini
65%
425 Baudrive
65%
461 Dimoret
65%
426 Grodrive
65%
486 Regigigas
65%
442 Spiritomb
65%
423 Tritosor
65%
432 Chaffreux
63%
431 Chaglam
63%
446 Goinfrex
63%
490 Manaphy
63%
414 Papilord
63%
464 Rhinastoc
63%
449 Hippopotas
61%
428 Lockpin
61%
489 Phione
61%
422 Sancoki
61%
468 Togekiss
61%
437 Archéodong
59%
436 Archéomire
59%
420 Ceribou
59%
427 Laporeille
59%
462 Magnézone
59%
473 Mammochon
59%
434 Moufouette
59%
421 Ceriflor
57%
454 Coatox
57%
453 Cradopaud
57%
450 Hippodocus
57%
477 Noctunoir
57%
465 Bouldeneu
52%
424 Capidextre
52%
463 Coudlangue
52%
439 Mime Jr.
52%
435 Moufflair
52%
438 Manzaï
50%
441 Pijako
50%
452 Drascore
48%
456 Ecayon
48%
457 Luminéon
48%
474 Porygon-Z
48%
440 Ptiravi
48%
476 Tarinorme
48%
451 Rapion
46%
472 Scorvol
46%
475 Gallame
43%
455 Vortente
43%
469 Yanmega
41%
458 Babimanta
39%
433 Korillon
35%
Aucun quiz correspondant
Distribution des résultats
% des personnes avec chaque résultat
Percentile par nombre de réponses
Votre historique - résultats
Vous n’avez pas pris ce quiz